书目信息 |
| 题名: |
白话精评通鉴纪事本末
|
|
| 作者: | 袁枢 原著 ;廖晓晴 译评 | |
| 分册: | 九 | |
| 出版信息: | 沈阳 辽海出版社 2006 |
|
| 页数: | 268页 | |
| 开本: | 21cm | |
| 丛书名: | 历代纪事本末丛书 | |
| 单 册: | ||
| 中图分类: | K204.4 | |
| 科图分类: | ||
| 主题词: | 古代史--中国--纪事本末体 , 古代史 | |
| 电子资源: | ||
| ISBN: | 7-80711-491-6 | |
| 000 | 01066oam2 2200325 45 | |
| 001 | 012006053001 | |
| 005 | 20061214101950.03 | |
| 010 | @a7-80711-491-6@dCNY1508.00(全56册) | |
| 092 | @aCN@b494711 | |
| 100 | @a20060530d2006 em y0chiy0120 ea | |
| 101 | 0 | @achi |
| 102 | @aCN@b210000 | |
| 105 | @ay z 000zy | |
| 200 | 1 | @a白话精评通鉴纪事本末@9bai hua jing ping tong jian ji shi ben mo@h九@f(宋)袁枢原著@g廖晓晴译评 |
| 205 | @a2版 | |
| 210 | @a沈阳@c辽海出版社@d2006 | |
| 215 | @a268页@d21cm | |
| 225 | 2 | @a历代纪事本末丛书@v13 |
| 330 | @a本书总括为二百三十九事,一事一篇,始于“三家分晋”,终于“世宗征淮南”。每事按照年代顺序,抄录成篇,起迄了然,颇便阅读。本书为我国第一部纪事本末体的历史著作。 | |
| 461 | 0 | @12001 @a历代纪事本末丛书 |
| 500 | 00 | @a通鉴纪事本末 |
| 605 | @a通鉴纪事本末 | |
| 606 | 0 | @a古代史@y中国@j纪事本末体 |
| 606 | 0 | @a古代史 |
| 607 | @a中国 | |
| 690 | @aK204.4@v4 | |
| 701 | 0 | @a袁枢@9yuan shu@4原著 |
| 702 | 0 | @a廖晓晴@9liao xiao qing@4译评 |
| 801 | 0 | @aCN@bLZJBOOK@c20061214 |
| 905 | @a10447@dK204.4@e103:13=2 | |
| 白话精评通鉴纪事本末.九/(宋)袁枢原著/廖晓晴译评.-2版.-沈阳:辽海出版社,2006 |
| 268页;21cm.-(历代纪事本末丛书;13) |
| ISBN 7-80711-491-6:CNY1508.00(全56册) |
| 本书总括为二百三十九事,一事一篇,始于“三家分晋”,终于“世宗征淮南”。每事按照年代顺序,抄录成篇,起迄了然,颇便阅读。本书为我国第一部纪事本末体的历史著作。 |
| ● |
| 相关链接 |
|
|
|
|
正题名:白话精评通鉴纪事本末
索取号:K204.4/103:13=2
 
预约/预借
| 序号 | 登录号 | 条形码 | 馆藏地/架位号 | 状态 | 备注 |
| 1 | 0550864 | 205508645 | 第二样本阅览室/ [索取号:K204.4/103:13=2] | 在馆 | |
| 2 | 0550865 | 205508654 | 第二借阅区/ [索取号:K204.4/103:13=2] | 在馆 | |
| 3 | 0550866 | 205508663 | 第二借阅区/ [索取号:K204.4/103:13=2] | 在馆 | |
| 4 | 0550867 | 205508672 | 第二借阅区/ [索取号:K204.4/103:13=2] | 在馆 | |
| 5 | 0550868 | 205508681 | 第二借阅区/ [索取号:K204.4/103:13=2] | 在馆 | |
| 6 | 0550869 | 205508690 | 第二借阅区/ [索取号:K204.4/103:13=2] | 在馆 | |
| 7 | 0550870 | 205508707 | 第二借阅区/ [索取号:K204.4/103:13=2] | 在馆 | |
| 8 | 0550871 | 205508716 | 第二借阅区/ [索取号:K204.4/103:13=2] | 在馆 |